Statistics for Platform Video Games

Click here to take the quiz!

General Stats

  • This quiz has been taken 20 times
  • The average score is 10 of 16

Answer Stats

Answer% Correct
Super Mario Bros.
100%
Sonic the Hedgehog
94%
Donkey Kong Country
88%
Kirby's Adventure
69%
Castlevania
63%
Ice Climber
63%
Mega Man
63%
Super Meat Boy
63%
Celeste
56%
Shovel Knight
56%
A Hat in Time
50%
DuckTales
50%
Ghosts 'n Goblins
50%
Darkwing Duck
38%
I Wanna Be the Guy
31%
Spark the Electric Jester
19%

Score Distribution

Percentile by Number Answered

Percent of People with Each Score

Your Score History

You have not taken this quiz